[Event "Titled Tuesday intern op 23rd Apr Late"]
[Site "Chess.com INT"]
[Date "2024.04.23"]
[Round "1"]
[White "Guzman Lozano, Campo Elias"]
[Black "Gonzalez Castillo, Jose Javier"]
[Result "0-1"]
[WhiteElo "1902"]
[BlackElo "2164"]
[PlyCount "50"]
[EventDate "2024.04.23"]
[EventType "swiss (blitz)"]
[EventRounds "11"]
[EventCountry "USA"]
[SourceTitle "CB18_2024"]
[SourceDate "2024.05.01"]
[SourceVersion "1"]
[SourceVersionDate "2024.05.01"]
[SourceQuality "2"]

1. e4 g6 2. d4 Bg7 3. Nc3 c6 4. Nf3 d5 5. exd5 cxd5 6. Bf4 Bg4 7. h3 Bxf3 8. Qxf3 e6 9. Be5 Bxe5 10. dxe5 Nc6 11. Bb5 Nge7 12. Qf6 0-0 13. 0-0 Nf5 14. Bxc6 bxc6 15. Qxd8 Rfxd8 16. Ne2 Rab8 17. b3 a5 18. a4 c5 19. Nc3 Nd4 20. Rac1 Rdc8 21. Rfe1 c4 22. Red1 cxb3 23. cxb3 Rxc3 24. Rxc3 Ne2+ 25. Kf1 Nxc3 0-1

[Event "Titled Tuesday intern op 27th Feb Late"]
[Site "Chess.com INT"]
[Date "2024.02.27"]
[Round "10"]
[White "Hernandez Ojeda, Garry Anatholy"]
[Black "Gonzalez Castillo, Jose Javier"]
[Result "1-0"]
[WhiteElo "2047"]
[BlackElo "2176"]
[PlyCount "69"]
[EventDate "2024.02.27"]
[EventType "swiss (blitz)"]
[EventRounds "11"]
[EventCountry "USA"]
[SourceTitle "CB10_2024"]
[SourceDate "2024.03.06"]
[SourceVersion "1"]
[SourceVersionDate "2024.03.06"]
[SourceQuality "1"]

1. e4 g6 2. d4 Bg7 3. c3 c6 4. Nf3 d5 5. e5 Bg4 6. Be2 f6 7. exf6 Nxf6 8. 0-0 0-0 9. Ne5 Bf5 10. Nd2 Nfd7 11. Ndf3 Nxe5 12. dxe5 Nd7 13. Nd4 Nxe5 14. Nxf5 Rxf5 15. Be3 Qd6 16. Qb3 b6 17. Rad1 e6 18. c4 Re8 19. Qa4 Nd7 20. Qxa7 Bxb2 21. cxd5 exd5 22. Bg4 Rf7 23. Bxd7 Rxd7 24. Qxb6 Be5 25. g3 Rb8 26. Qa6 Rdb7 27. Rc1 Rc7 28. Rfd1 Rbc8 29. a4 Qe7 30. a5 Qf6 31. Bb6 Rf7 32. Qxc8+ Rf8 33. Qxc6 Qf5 34. Qxd5+ Kg7 35. Qxe5+ 1-0

[Event "Titled Tuesday intern op 27th Feb Late"]
[Site "Chess.com INT"]
[Date "2024.02.27"]
[Round "1"]
[White "Liascovich, Lucas"]
[Black "Gonzalez Castillo, Jose Javier"]
[Result "1-0"]
[WhiteElo "2413"]
[BlackElo "2176"]
[PlyCount "87"]
[EventDate "2024.02.27"]
[EventType "swiss (blitz)"]
[EventRounds "11"]
[EventCountry "USA"]
[SourceTitle "CB10_2024"]
[SourceDate "2024.03.06"]
[SourceVersion "1"]
[SourceVersionDate "2024.03.06"]
[SourceQuality "1"]

1. e4 g6 2. d4 Bg7 3. Nc3 c6 4. h3 d5 5. Nf3 dxe4 6. Nxe4 Nf6 7. Nxf6+ exf6 8. Bc4 0-0 9. 0-0 a5 10. a4 Na6 11. Re1 Nc7 12. c3 Nd5 13. Qb3 Qd6 14. Bd2 Be6 15. Re2 Qd7 16. Rae1 Rfe8 17. Qa2 Bf8 18. Bb3 Red8 19. c4 Nb4 20. Qb1 Bf5 21. Qd1 Nd3 22. Rf1 Nxb2 23. Qa1 Bd3 24. Re3 Bxf1 25. Qxb2 Bxg2 26. Kxg2 Bd6 27. c5 Bc7 28. Re4 Re8 29. Qc2 Rxe4 30. Qxe4 Re8 31. Qh4 Qf5 32. Bxf7+ Kxf7 33. Qxh7+ Ke6 34. Qxc7 Rh8 35. h4 Qg4+ 36. Qg3 Qe4 37. Bxa5 g5 38. hxg5 fxg5 39. Qd6+ Kf5 40. Qd7+ Kf6 41. Bc7 g4 42. Be5+ Kg6 43. Qg7+ Kf5 44. Qf6# 1-0

[Event "Titled Tuesday intern op 27th Feb Late"]
[Site "Chess.com INT"]
[Date "2024.02.27"]
[Round "5"]
[White "Ozates, Tuna"]
[Black "Gonzalez Castillo, Jose Javier"]
[Result "1-0"]
[WhiteElo "2290"]
[BlackElo "2176"]
[PlyCount "43"]
[EventDate "2024.02.27"]
[EventType "swiss (blitz)"]
[EventRounds "11"]
[EventCountry "USA"]
[SourceTitle "CB10_2024"]
[SourceDate "2024.03.06"]
[SourceVersion "1"]
[SourceVersionDate "2024.03.06"]
[SourceQuality "1"]

1. e4 g6 2. d4 Bg7 3. Nc3 c6 4. Nf3 d5 5. h3 dxe4 6. Nxe4 Nf6 7. Bd3 Nxe4 8. Bxe4 0-0 9. 0-0 Nd7 10. Re1 c5 11. Be3 cxd4 12. Bxd4 e5 13. Bc3 Qc7 14. a4 a6 15. Bb4 Rd8 16. Bd6 Qb6 17. a5 Qxb2 18. Bc7 Re8 19. Bd5 Qc3 20. Bxf7+ Kxf7 21. Ng5+ Kf6 22. Ne4+ 1-0

[Event "La Zubia op"]
[Site "La Zubia"]
[Date "2023.12.10"]
[Round "7"]
[White "Serrano Almendros, Alejandro"]
[Black "Gonzalez Castillo, Jose Javier"]
[Result "1/2-1/2"]
[WhiteElo "2200"]
[BlackElo "2179"]
[PlyCount "74"]
[EventDate "2023.12.07"]
[EventType "swiss"]
[EventRounds "7"]
[EventCountry "ESP"]
[SourceTitle "CB50_2023"]
[SourceDate "2023.12.13"]
[SourceVersion "1"]
[SourceVersionDate "2023.12.13"]
[SourceQuality "1"]

1. e4 g6 2. d4 Bg7 3. Nf3 d6 4. Bd3 Nd7 5. 0-0 e5 6. c3 Ngf6 7. h3 0-0 8. Be3 Re8 9. Nbd2 c6 10. Re1 Qc7 11. a4 a5 12. Qc2 d5 13. dxe5 Nxe4 14. Bf4 Nec5 15. Bg3 Qb6 16. Bf1 Ne6 17. Nb3 Ndc5 18. Nbd2 Bd7 19. Rad1 Rac8 20. Nd4 Nxd4 21. cxd4 Ne6 22. Nb3 c5 23. dxc5 Nxc5 24. Nxc5 Rxc5 25. Qd2 Bxa4 26. Ra1 Bd7 27. Qd4 Qb4 28. Qxb4 axb4 29. Bd3 Bb5 30. Ra5 Bxd3 31. Rxc5 Bc4 32. Rc7 b5 33. f4 d4 34. Rd1 d3 35. Be1 Bf8 36. Bd2 Ra8 37. Be3 Rd8 1/2-1/2

[Event "La Zubia op"]
[Site "La Zubia"]
[Date "2023.12.09"]
[Round "6"]
[White "Gonzalez Castillo, Jose Javier"]
[Black "Espinosa Aranda, Angel"]
[Result "1/2-1/2"]
[WhiteElo "2179"]
[BlackElo "2428"]
[PlyCount "32"]
[EventDate "2023.12.07"]
[EventType "swiss"]
[EventRounds "7"]
[EventCountry "ESP"]
[SourceTitle "CB50_2023"]
[SourceDate "2023.12.13"]
[SourceVersion "1"]
[SourceVersionDate "2023.12.13"]
[SourceQuality "1"]

1. e4 c5 2. Nf3 e6 3. d4 cxd4 4. Nxd4 a6 5. Bd3 Ne7 6. 0-0 Nbc6 7. Be3 g6 8. Nd2 Bg7 9. Nxc6 Nxc6 10. Nc4 d5 11. exd5 exd5 12. Bb6 Qe7 13. Ne3 Be6 14. c4 dxc4 15. Bxc4 0-0 16. Qb3 Rfe8 1/2-1/2

[Event "ESP-ch U18"]
[Site "Salobrena"]
[Date "2023.08.03"]
[Round "6"]
[White "Gonzalez Castillo, Jose Javier"]
[Black "Gonzalez De Miguel Yataco, Miguel"]
[Result "1-0"]
[WhiteElo "2047"]
[BlackElo "1807"]
[PlyCount "51"]
[EventDate "2023.07.31"]
[EventType "swiss"]
[EventRounds "9"]
[EventCountry "ESP"]
[SourceTitle "CBM 215 Extra"]
[Source "ChessBase"]
[SourceDate "2023.09.30"]
[SourceVersion "1"]
[SourceVersionDate "2023.09.30"]
[SourceQuality "1"]

1. e4 c5 2. Nc3 Nc6 3. Nge2 g6 4. d4 cxd4 5. Nxd4 Bg7 6. Be3 Nf6 7. Bc4 d6 8. f3 a6 9. Bb3 Bd7 10. Qd2 b5 11. Nxc6 Bxc6 12. Bh6 0-0 13. h4 e6 14. Bxg7 Kxg7 15. h5 Rh8 16. 0-0-0 b4 17. Ne2 Qb6 18. Nd4 Bb7 19. Qg5 h6 20. Nxe6+ Kg8 21. Qxf6 Qe3+ 22. Kb1 Rh7 23. hxg6 fxg6 24. Ng5+ d5 25. Nxh7 Kxh7 26. Qf7+ 1-0

[Event "ESP-ch U18"]
[Site "Salobrena"]
[Date "2023.08.01"]
[Round "3"]
[White "Manzanares Lopez, Alejandro"]
[Black "Gonzalez Castillo, Jose Javier"]
[Result "0-1"]
[WhiteElo "1839"]
[BlackElo "2047"]
[PlyCount "76"]
[EventDate "2023.07.31"]
[EventType "swiss"]
[EventRounds "9"]
[EventCountry "ESP"]
[SourceTitle "CBM 215 Extra"]
[Source "ChessBase"]
[SourceDate "2023.09.30"]
[SourceVersion "1"]
[SourceVersionDate "2023.09.30"]
[SourceQuality "1"]

1. e4 c5 2. Nf3 e6 3. d4 cxd4 4. Nxd4 Nc6 5. Nb3 Nf6 6. Nc3 Bb4 7. Bd3 d5 8. exd5 Nxd5 9. Bd2 Nxc3 10. bxc3 Bd6 11. 0-0 0-0 12. Qe2 Ne5 13. Bf4 Nxd3 14. Bxd6 Qxd6 15. cxd3 b6 16. d4 Bb7 17. f3 a5 18. Qe3 Rac8 19. Rfe1 Bd5 20. Nd2 Qa3 21. c4 Qxe3+ 22. Rxe3 Bxc4 23. Nxc4 Rxc4 24. Rb1 Rxd4 25. Rxb6 Rd2 26. Ra3 Rc8 27. h4 h6 28. Rxa5 Rcc2 29. Rb8+ Kh7 30. Ra7 Rxg2+ 31. Kh1 Rgf2 32. Kg1 Rxf3 33. h5 Rg3+ 34. Kf1 Rh3 35. Kg1 Rxh5 36. Rxf7 Rxa2 37. Rbb7 Rg5+ 38. Kh1 Ra4 0-1

[Event "ESP-ch U16 rapid"]
[Site "Salobrena"]
[Date "2023.07.30"]
[Round "9"]
[White "Cereijo Suarez, Alejandro"]
[Black "Gonzalez Castillo, Jose Javier"]
[Result "0-1"]
[WhiteElo "1987"]
[BlackElo "1891"]
[PlyCount "82"]
[EventDate "2023.07.29"]
[EventType "swiss (rapid)"]
[EventRounds "9"]
[EventCountry "ESP"]
[SourceTitle "EXT 2024"]
[Source "ChessBase"]
[SourceDate "2023.10.10"]
[SourceVersion "1"]
[SourceVersionDate "2023.10.10"]
[SourceQuality "1"]

1. d4 g6 2. e4 Bg7 3. Nc3 c6 4. Nf3 d5 5. e5 f6 6. Bf4 Bg4 7. h3 Bxf3 8. Qxf3 fxe5 9. Bxe5 Bxe5 10. dxe5 e6 11. Bd3 Nd7 12. Qg3 Nh6 13. 0-0-0 Nf7 14. f4 a6 15. h4 Qe7 16. h5 g5 17. f5 0-0-0 18. Rde1 Rde8 19. Rhf1 Nc5 20. f6 Qc7 21. Re2 Nd7 22. Qh3 Ndxe5 23. Rfe1 Kb8 24. Na4 Nxd3+ 25. cxd3 Qf4+ 26. Kb1 g4 27. Qh1 Qxa4 28. Rxe6 Rxe6 29. Rxe6 Qd4 30. Qh2+ Ka8 31. Qg3 Ng5 32. Re7 Qxf6 33. Qc7 Rb8 34. a3 Qf1+ 35. Ka2 Qxd3 36. Rd7 Qc4+ 37. Kb1 Ne4 38. Qa5 Qc5 39. Qa4 Nd2+ 40. Ka1 Qc1+ 41. Ka2 Qb1# 0-1

[Event "ESP-ch U16 rapid"]
[Site "Salobrena"]
[Date "2023.07.30"]
[Round "5"]
[White "Gonzalez Castillo, Jose Javier"]
[Black "Diaz Mino, Daniel"]
[Result "1-0"]
[WhiteElo "1891"]
[BlackElo "2077"]
[PlyCount "117"]
[EventDate "2023.07.29"]
[EventType "swiss (rapid)"]
[EventRounds "9"]
[EventCountry "ESP"]
[SourceTitle "EXT 2024"]
[Source "ChessBase"]
[SourceDate "2023.10.10"]
[SourceVersion "1"]
[SourceVersionDate "2023.10.10"]
[SourceQuality "1"]

1. e4 c5 2. Nf3 a6 3. a4 Nc6 4. Bc4 e6 5. Nc3 Nge7 6. d3 g6 7. 0-0 Bg7 8. Bf4 0-0 9. Bd6 b6 10. Re1 Bb7 11. Nd5 Re8 12. Nc7 Bxb2 13. Rb1 Bc3 14. Rf1 Nc8 15. Nxe8 Qxe8 16. Bc7 Nb4 17. Be5 Bxe5 18. Nxe5 d5 19. Ng4 Qd8 20. exd5 exd5 21. Bb3 h5 22. Ne5 Ne7 23. Qf3 Nf5 24. c3 Nc6 25. Nxf7 Kxf7 26. Bxd5+ Kg7 27. Bxc6 Nh4 28. Qe4 Bxc6 29. Qxc6 Rc8 30. Qb7+ Kh6 31. Rfe1 Rc7 32. Qe4 Rf7 33. Qe3+ Kh7 34. Qg3 Nf5 35. Qh3 Rd7 36. Rbd1 Qf6 37. g4 Nh4 38. gxh5 Rd5 39. hxg6+ Kg7 40. Kh1 Rf5 41. Re4 Nxg6 42. Rg1 Rxf2 43. Qd7+ Kh6 44. Qh3+ Kg7 45. Re6 Rxh2+ 46. Kxh2 Qf2+ 47. Rg2 Qf4+ 48. Qg3 Qh6+ 49. Kg1 Qc1+ 50. Kf2 Kf8 51. Qf3+ Nf4 52. Rf6+ Ke8 53. Qxf4 Qc2+ 54. Kf3 Qd1+ 55. Re2+ Kd7 56. Qd6+ Kc8 57. Rf8+ Kb7 58. Rb8+ Ka7 59. Qc7# 1-0

[Event "ESP-ch U16 rapid"]
[Site "Salobrena"]
[Date "2023.07.29"]
[Round "4"]
[White "Moreno Diepa, Diego"]
[Black "Gonzalez Castillo, Jose Javier"]
[Result "1-0"]
[WhiteElo "2018"]
[BlackElo "1891"]
[PlyCount "95"]
[EventDate "2023.07.29"]
[EventType "swiss (rapid)"]
[EventRounds "9"]
[EventCountry "ESP"]
[SourceTitle "EXT 2024"]
[Source "ChessBase"]
[SourceDate "2023.10.10"]
[SourceVersion "1"]
[SourceVersionDate "2023.10.10"]
[SourceQuality "1"]

1. e4 g6 2. d4 Bg7 3. Nc3 c6 4. Nf3 d5 5. exd5 cxd5 6. Be2 Nc6 7. 0-0 Nh6 8. Ne5 f6 9. Nxc6 bxc6 10. Na4 0-0 11. c4 Nf7 12. cxd5 cxd5 13. Bf3 Qd6 14. Nc3 Bb7 15. Qb3 Rab8 16. Rd1 Rfd8 17. Qa4 Qb6 18. Qb5 Qd6 19. Qa5 a6 20. b3 Rbc8 21. Ba3 Qd7 22. Na4 Ng5 23. Be2 Qf5 24. Nc5 Ne4 25. Nxe4 dxe4 26. Qxf5 gxf5 27. Bxe7 Rd7 28. Bc5 Kf7 29. Bc4+ Kg6 30. Be6 Rcd8 31. Bxd7 Rxd7 32. Rac1 f4 33. Re1 Bh6 34. Rc3 e3 35. fxe3 fxe3 36. d5 Rxd5 37. Bxe3 Bf8 38. Rc7 Bb4 39. Rec1 Ba8 40. Ra7 Rd8 41. Rxa6 Re8 42. Bd4 Be7 43. Re1 Kf7 44. Rf1 Be4 45. Bxf6 Bd3 46. Bxe7+ Bxf1 47. Rf6+ Kxe7 48. Rxf1 1-0

[Event "Malaga op 16th"]
[Site "Malaga"]
[Date "2022.10.28"]
[Round "3"]
[White "Gonzalez Castillo, Jose Javier"]
[Black "Garcia Blazquez, Perez Manuel"]
[Result "1-0"]
[WhiteElo "2081"]
[BlackElo "1810"]
[PlyCount "53"]
[EventDate "2022.10.27"]
[EventType "swiss"]
[EventRounds "9"]
[EventCountry "ESP"]
[SourceTitle "EXT 2024"]
[Source "ChessBase"]
[SourceDate "2023.10.10"]
[SourceVersion "1"]
[SourceVersionDate "2023.10.10"]
[SourceQuality "1"]

1. d4 f5 2. Nf3 Nf6 3. c4 g6 4. g3 Bg7 5. Bg2 0-0 6. Nc3 d6 7. d5 Nbd7 8. 0-0 Nb6 9. Qd3 e5 10. dxe6 Bxe6 11. b3 Ne4 12. Bb2 Re8 13. Qc2 Bf7 14. Nxe4 fxe4 15. Nd2 Bxb2 16. Qxb2 e3 17. fxe3 Qg5 18. Bxb7 Rab8 19. Bg2 Qxe3+ 20. Kh1 Nxc4 21. Nxc4 Bxc4 22. Rac1 Qxe2 23. Qd4 Bf7 24. Rxf7 Kxf7 25. Bd5+ Kf8 26. Qh8+ Ke7 27. Qg7+ 1-0

[Event "ESP-ch 87th"]
[Site "Linares"]
[Date "2022.08.16"]
[Round "7"]
[White "Perez Guerra, Raul"]
[Black "Gonzalez Castillo, Jose Javier"]
[Result "1-0"]
[WhiteElo "2341"]
[BlackElo "2066"]
[PlyCount "67"]
[EventDate "2022.08.11"]
[EventType "swiss"]
[EventRounds "9"]
[EventCountry "ESP"]
[SourceTitle "CBM 209 Extra"]
[Source "ChessBase"]
[SourceDate "2022.09.30"]
[SourceVersion "1"]
[SourceVersionDate "2022.09.30"]
[SourceQuality "1"]

1. e4 c5 2. Nc3 Nc6 3. g3 g6 4. Bg2 Bg7 5. Nge2 d6 6. a3 Rb8 7. d3 b5 8. Rb1 a5 9. a4 b4 10. Nb5 Ba6 11. c4 h5 12. f4 h4 13. g4 h3 14. Bf3 Bxb5 15. axb5 Nd4 16. 0-0 Rh4 17. Nxd4 Bxd4+ 18. Kh1 e6 19. Qe1 Rh7 20. e5 Ne7 21. Be3 dxe5 22. fxe5 Rc8 23. Bxd4 Qxd4 24. Qe4 Qxe4 25. Bxe4 Rh4 26. Ra1 Rxg4 27. b6 Rb8 28. Rxa5 Nf5 29. b7 Kd7 30. Rxc5 Rg2 31. Rc8 Rxc8 32. bxc8Q+ Kxc8 33. Bxg2 hxg2+ 34. Kxg2 1-0

[Event "ESP-ch U18 Rapid"]
[Site "Salobrena"]
[Date "2022.08.06"]
[Round "1"]
[White "Gonzalez Castillo, Jose Javier"]
[Black "Castro Quijano, Eduardo"]
[Result "0-1"]
[WhiteElo "1428"]
[BlackElo "1761"]
[PlyCount "72"]
[EventDate "2022.08.06"]
[EventType "swiss (rapid)"]
[EventRounds "9"]
[EventCountry "ESP"]
[SourceTitle "EXT 2023"]
[Source "ChessBase"]
[SourceDate "2022.10.05"]
[SourceVersion "1"]
[SourceVersionDate "2022.10.05"]
[SourceQuality "1"]

1. e4 c5 2. Nf3 Nc6 3. d4 cxd4 4. Nxd4 Qb6 5. Nb3 Nf6 6. Nc3 e6 7. Be3 Qc7 8. a3 a6 9. Be2 b5 10. 0-0 Bb7 11. f4 d6 12. Bf3 Be7 13. Kh1 0-0 14. g4 d5 15. e5 Nd7 16. Nd4 Na5 17. Bf2 Nc4 18. Qc1 Rac8 19. Bg3 Bc5 20. Nce2 Qb6 21. c3 Bxd4 22. Nxd4 Nc5 23. f5 Nd3 24. Qg5 h6 25. Qh5 exf5 26. Nxf5 Ne3 27. Ne7+ Kh8 28. Nxc8 Rxc8 29. Rg1 d4 30. g5 Qg6 31. gxh6 Qxh5 32. hxg7+ Kg8 33. Bxb7 dxc3 34. bxc3 Rxc3 35. Be1 Rc2 36. Bg3 Rxh2+ 0-1

[Event "Andalusia-ch U18"]
[Site "Salobrena"]
[Date "2022.07.02"]
[Round "4"]
[White "Gonzalez Castillo, Jose Javier"]
[Black "Perea Fruet, Lorenzo"]
[Result "0-1"]
[WhiteElo "1971"]
[BlackElo "2255"]
[PlyCount "96"]
[EventDate "2022.06.30"]
[EventType "swiss"]
[EventRounds "6"]
[EventCountry "ESP"]
[SourceTitle "EXT 2023"]
[Source "ChessBase"]
[SourceDate "2022.10.05"]
[SourceVersion "1"]
[SourceVersionDate "2022.10.05"]
[SourceQuality "1"]

1. e4 e5 2. Nf3 Nc6 3. Bc4 Nf6 4. d3 h6 5. 0-0 d6 6. a4 a6 7. c3 g5 8. Ne1 Bg7 9. Be3 0-0 10. Nd2 d5 11. exd5 Nxd5 12. Bc5 Re8 13. Nc2 Be6 14. Ne3 Nf4 15. Ne4 b6 16. Ba3 Qd7 17. Qc2 Kh8 18. Ng3 Bf8 19. Bxe6 Rxe6 20. Ngf5 Bxa3 21. Rxa3 Qxd3 22. Qb3 Na5 23. Qa2 Rd8 24. b4 Nc6 25. c4 Qe2 26. Qb1 Qh5 27. Nd5 Rd7 28. b5 axb5 29. axb5 Na5 30. Qb4 Rd8 31. Nxc7 Rg6 32. Qe7 Rgg8 33. Qxe5+ Kh7 34. Ng3 Qg6 35. Rf3 Nxc4 36. Qe4 Nd2 37. Qe7 Nxf3+ 38. gxf3 Nd5 39. Nxd5 Rxd5 40. Ne4 Rf5 41. Rd1 Qe6 42. Qb7 g4 43. fxg4 Rxg4+ 44. Ng3 Rg7 45. Qa8 h5 46. Kh1 Rxf2 47. Qa1 h4 48. Qb1+ Qg6 0-1

[Event "Andalusia-ch U18"]
[Site "Salobrena"]
[Date "2022.07.02"]
[Round "5"]
[White "Maldonado Mena, German"]
[Black "Gonzalez Castillo, Jose Javier"]
[Result "1/2-1/2"]
[WhiteElo "2109"]
[BlackElo "1971"]
[PlyCount "119"]
[EventDate "2022.06.30"]
[EventType "swiss"]
[EventRounds "6"]
[EventCountry "ESP"]
[SourceTitle "EXT 2023"]
[Source "ChessBase"]
[SourceDate "2022.10.05"]
[SourceVersion "1"]
[SourceVersionDate "2022.10.05"]
[SourceQuality "1"]

1. d4 e6 2. c4 b6 3. e4 Bb4+ 4. Nc3 Bb7 5. Qc2 Qh4 6. Bd3 Bxc3+ 7. Qxc3 Bxe4 8. g3 Qg4 9. f3 Bxf3 10. Nxf3 Qxf3 11. Rf1 Qb7 12. d5 f6 13. Be4 exd5 14. Bxd5 c6 15. Bf3 Na6 16. Bf4 0-0-0 17. 0-0-0 Ne7 18. b4 Ng6 19. Bd6 Nc7 20. b5 Ne5 21. Bxe5 fxe5 22. Qxe5 d5 23. cxd5 cxd5 24. Bg4+ Kb8 25. Rf7 Rhe8 26. Qf4 d4 27. Kb2 Rd5 28. Bd7 g5 29. Qf1 Rxd7 30. Rxd7 Qe4 31. R1xd4 Qe5 32. a4 Rc8 33. Qf3 g4 34. Qe4 Qf6 35. Qf4 Qe6 36. Qxg4 Qe3 37. Qf4 Qe8 38. g4 Qh8 39. h4 Ka8 40. Qe4+ Kb8 41. g5 Re8 42. Qxe8+ Nxe8 43. Kc3 Qe5 44. Rxh7 Nc7 45. Rxc7 Kxc7 46. Kd3 Qg3+ 47. Kc4 Qa3 48. Kd5 Qd6+ 49. Ke4 Qg3 50. Kf5 Qf2+ 51. Rf4 Qc5+ 52. Kg6 Qc2+ 53. Rf5 Qc4 54. Rf7+ Kb8 55. h5 Qe6+ 56. Kg7 Qe5+ 57. Kh6 Qh8+ 58. Kg6 Qg8+ 59. Rg7 Qe8+ 60. Kh6 1/2-1/2

[Event "Andalusia-ch U18"]
[Site "Salobrena"]
[Date "2022.07.01"]
[Round "2"]
[White "Cesar Maestre, Bernardo"]
[Black "Gonzalez Castillo, Jose Javier"]
[Result "0-1"]
[WhiteElo "2356"]
[BlackElo "1971"]
[PlyCount "58"]
[EventDate "2022.06.30"]
[EventType "swiss"]
[EventRounds "6"]
[EventCountry "ESP"]
[SourceTitle "EXT 2023"]
[Source "ChessBase"]
[SourceDate "2022.10.05"]
[SourceVersion "1"]
[SourceVersionDate "2022.10.05"]
[SourceQuality "1"]

1. e4 c6 2. d4 d5 3. e5 Bf5 4. c4 e6 5. Nc3 dxc4 6. Bxc4 Nd7 7. Nge2 Be7 8. Ng3 Bg6 9. 0-0 Qb6 10. a4 Qb4 11. Qb3 a5 12. Qa2 Nb6 13. Be2 h5 14. Be3 h4 15. Nge4 Nh6 16. Nc5 Bxc5 17. dxc5 Nd7 18. f4 Nf5 19. Bf2 Qxf4 20. Qb3 Nxe5 21. Qxb7 0-0 22. Bg3 Qe3+ 23. Bf2 Qg5 24. Nd1 h3 25. g3 Bh5 26. Bxh5 Qxh5 27. Qb3 Nf3+ 28. Kh1 Nd2 29. Qd3 Rad8 0-1